The peasant and the state : (Record no. 12162)

MARC details
000 -LEADER
fixed length control field 00466nam a22001697a 4500
003 - CONTROL NUMBER IDENTIFIER
control field OSt
005 - DATE AND TIME OF LATEST TRANSACTION
control field 20211013081313.0
008 - FIXED-LENGTH DATA ELEMENTS--GENERAL INFORMATION
fixed length control field 211013b |||||||| |||| 00| 0 eng d
020 ## - INTERNATIONAL STANDARD BOOK NUMBER
International Standard Book Number 9789994452248
040 ## - CATALOGING SOURCE
Transcribing agency HU
082 ## - DEWEY DECIMAL CLASSIFICATION NUMBER
Classification number 338.1095
100 ## - MAIN ENTRY--PERSONAL NAME
Personal name Dessalegn Rahmato
9 (RLIN) 13048
245 ## - TITLE STATEMENT
Title The peasant and the state :
Remainder of title studies in agrarian change in Ethiopia 1950s-2000s
260 ## - PUBLICATION, DISTRIBUTION, ETC.
Place of publication, distribution, etc. Ethiopia
Name of publisher, distributor, etc. AAUP
Date of publication, distribution, etc. 2009
300 ## - PHYSICAL DESCRIPTION
Extent xi355P
Other physical details PC
Dimensions 22CM
942 ## - ADDED ENTRY ELEMENTS (KOHA)
Source of classification or shelving scheme Dewey Decimal Classification
Koha item type Books like text book referance book
Suppress in OPAC No
Holdings
Withdrawn status Lost status Source of classification or shelving scheme Damaged status Not for loan Collection code Home library Current library Shelving location Date acquired Total Checkouts Full call number Barcode Date last seen Copy number Price effective from Koha item type
    Dewey Decimal Classification     Reference Wondo Genet Library Wondo Genet Library General Stacks 10/13/2021   338.1295DES2009 WGCFNRL00004329 10/13/2021 1 10/13/2021 Books like text book referance book
    Dewey Decimal Classification     Reference Wondo Genet Library Wondo Genet Library General Stacks 10/13/2021   338.1295DES2009 WGCFNRL00004330 10/13/2021 2 10/13/2021 Books like text book referance book